Future of retail property (Record no. 106127)
[ view plain ]
| 000 -LEADER | |
|---|---|
| fixed length control field | 01379cam a22002415a 4500 |
| 001 - CONTROL NUMBER | |
| control field | ##L135651 |
| 008 - FIXED-LENGTH DATA ELEMENTS--GENERAL INFORMATION | |
| fixed length control field | 061121s2006 f 000 0 eng d |
| 020 ## - INTERNATIONAL STANDARD BOOK NUMBER | |
| International Standard Book Number | 1897958323 |
| 035 ## - SYSTEM CONTROL NUMBER | |
| System control number | (Sirsi) u135651 |
| 041 0# - LANGUAGE CODE | |
| Language code of text/sound track or separate title | eng |
| 050 04 - LIBRARY OF CONGRESS CALL NUMBER | |
| Classification number | 711.552 $2 18 |
| 100 11 - MAIN ENTRY--PERSONAL NAME | |
| Personal name | Court, Yvonne |
| 245 00 - TITLE STATEMENT | |
| Title | Future of retail property |
| Remainder of title | online retailing |
| -- | the impact of click on brick |
| -- | executive summary |
| 260 ## - PUBLICATION, DISTRIBUTION, ETC. | |
| Place of publication, distribution, etc. | [S.l.] |
| Name of publisher, distributor, etc. | BCSC |
| Date of publication, distribution, etc. | 2006 |
| 490 #0 - SERIES STATEMENT | |
| Series statement | BCSC Future of Retail Property |
| 520 ## - SUMMARY, ETC. | |
| Summary, etc. | Offers insight into the current status of online retailing and implications on the future of retail property. Highlights the relationship and differences between physical and online shopping; looks at how retailers are adopting online retailing as part of a multi-channel approach, and the impact of this on their future real estate needs; defines different types of consumers with regards to their attitudes towards e-tailers and more traditional retailers; and informs developers, investors and their advisers as to the likely future impact of online retailing on their assets. |
| 590 ## - LOCAL NOTE (RLIN) | |
| Local note | KA |
| 651 #4 - SUBJECT ADDED ENTRY--GEOGRAPHIC NAME | |
| Geographic name | United Kingdom |
| Chronological subdivision | |
| 690 ## - LOCAL SUBJECT ADDED ENTRY--TOPICAL TERM (OCLC, RLIN) | |
| Topical term or geographic name as entry element | PROPERTY-COMMERCIAL PROPERTY-RETAIL PROPERTY |
| 710 2# - ADDED ENTRY--CORPORATE NAME | |
| Corporate name or jurisdiction name as entry element | British Council of Shopping Centres |
| 9 (RLIN) | 1982 |
| 856 40 - ELECTRONIC LOCATION AND ACCESS | |
| Uniform Resource Identifier | <a href="https://www.bcsc.org.uk/publication.asp?pub_id=207">https://www.bcsc.org.uk/publication.asp?pub_id=207</a> |
| Public note | View the executive summary free of charge at www.bcsc.org.uk... |
| 942 ## - ADDED ENTRY ELEMENTS (KOHA) | |
| Suppress in OPAC | 0 |
| Withdrawn status | Lost status | Source of classification or shelving scheme | Damaged status | Not for loan | Home library | Current library | Shelving location | Date acquired | Total Checkouts | Full call number | Barcode | Date last seen | Copy number | Price effective from | Koha item type |
|---|---|---|---|---|---|---|---|---|---|---|---|---|---|---|---|
| Dewey Decimal Classification | Virtual | Virtual | Online | 21/11/2006 | ONLINE PUBLICATION | 135651-2001 | 06/08/2019 | 1 | 06/08/2019 | Book |